| 000 | 01184cam a22002771 4500 | ||
|---|---|---|---|
| 001 | 22159 | ||
| 003 | BD-RjUL | ||
| 005 | 20211209000756.0 | ||
| 008 | 140306r19521899enk 001 0 eng | ||
| 035 | _a(BD-RjUL)22224 | ||
| 035 | _a(OCoLC)1348454 | ||
| 040 |
_aDLC _cOCU _dOCoLC _dBD-RjUL _dDLC _beng |
||
| 041 | _aeng | ||
| 082 |
_a829.9 _bTWO |
||
| 245 | 1 | 0 |
_aTwo of the Saxon chronicles parallel : _bwith supplementary extracts from the others / _ca revised text ed., with introduction, notes, appendices, and glossary by Charles Plummer on the basis of an edition by John Earle. _nVolume II _pIntroduction notes and Index |
| 260 |
_aOxford : _bClarendon Press, _c1899. |
||
| 300 |
_acxliid, 463 p. ; _c20 cm. |
||
| 500 | _aThe Parker ms. (Corpus Christi College, Cambridge, no. 173) and the Laud ms. (Bodleian Laud 636) | ||
| 505 | 0 | _av. 1. Text, appendices and glossary.--v. 2. Introduction, notes, and index. | |
| 651 | 0 |
_aGreat Britain _xHistory _yAnglo Saxon period, 449-1066 _xSources. _960939 |
|
| 700 | 1 |
_aEarle, John, _d1824-1903, _eed. _962483 |
|
| 700 | 1 |
_aPlummer, Charles, _d1851-1927, _eed. _917348 |
|
| 942 |
_2ddc _cBK |
||
| 999 |
_c22159 _d22159 |
||